[Event "Trzcianka Dziedzic Memorial 6th"]
[Site "Trzcianka"]
[Date "2016.09.18"]
[Round "3"]
[White "Strozyk, Tomasz"]
[Black "Heberla, Bartlomiej"]
[Result "0-1"]
[WhiteElo "2227"]
[BlackElo "2552"]
[PlyCount "64"]
[EventDate "2016.09.18"]
[EventType "swiss (rapid)"]
[EventRounds "9"]
[EventCountry "POL"]
[SourceTitle "CBM 174 Extra"]
[Source "ChessBase"]
[SourceDate "2016.10.10"]
[SourceVersion "1"]
[SourceVersionDate "2016.10.10"]
[SourceQuality "1"]

1. d4 g6 2. h4 Nf6 3. Nf3 Bg7 4. Bf4 c5 5. c3 b6 6. Qb3 d6 7. e3 0-0 8. Nbd2 Bb7 9. Be2 Nbd7 10. a4 e5 11. dxe5 dxe5 12. Nxe5 Nd5 13. Nxd7 Nxf4 14. exf4 Qxd7 15. 0-0-0 Qf5 16. Bf3 Bxf3 17. Nxf3 Qxf4+ 18. Kb1 Rad8 19. Rhe1 Qg4 20. Rxd8 Rxd8 21. Re7 c4 22. Qb5 Bf6 23. Rxa7 Qe4+ 24. Ka2 Rd1 25. Ng5 Qb1+ 26. Ka3 Qa1+ 27. Kb4 Qxb2+ 28. Kxc4 Qe2+ 29. Kb3 Rb1+ 30. Ka3 Be7+ 31. Rxe7 Qxe7+ 32. Ka2 Rxb5 0-1

[Event "EU-ch rapid"]
[Site "Wroclaw"]
[Date "2014.12.21"]
[Round "9"]
[White "Janaszak, Dawid"]
[Black "Strozyk, Tomasz"]
[Result "1-0"]
[WhiteElo "2363"]
[BlackElo "2227"]
[PlyCount "77"]
[EventDate "2014.12.20"]
[EventType "swiss (rapid)"]
[EventRounds "11"]
[EventCountry "POL"]
[SourceTitle "CBM 164 Extra"]
[Source "ChessBase"]
[SourceDate "2015.03.02"]
[SourceVersion "1"]
[SourceVersionDate "2015.03.02"]
[SourceQuality "1"]

1. c4 c6 2. g3 d5 3. Bg2 Nf6 4. Nf3 Bf5 5. 0-0 e6 6. b3 Nbd7 7. Bb2 Be7 8. d3 h6 9. Nbd2 Qb6 10. Qc2 0-0 11. Rac1 Rfe8 12. Qb1 a5 13. Bc3 Bc5 14. Qb2 Bb4 15. a3 Bxc3 16. Qxc3 Bh7 17. h3 Rad8 18. Rfe1 e5 19. cxd5 Nxd5 20. Qc2 N7f6 21. e4 Nc7 22. Nc4 Qa7 23. Ncxe5 Ne6 24. Qc4 Nh5 25. d4 Nf6 26. Nxf7 Kxf7 27. d5 Ng5 28. Nxg5+ hxg5 29. dxc6+ Kf8 30. e5 Rd4 31. Qc3 Ne4 32. Qf3+ Kg8 33. c7 Qa8 34. Qe3 Rd5 35. Bxe4 Rdxe5 36. Bxh7+ Kxh7 37. Qxe5 Rxe5 38. Rxe5 Qc8 39. Re8 1-0

[Event "EU-ch rapid"]
[Site "Wroclaw"]
[Date "2014.12.21"]
[Round "11"]
[White "Sieciechowicz, Marcin"]
[Black "Strozyk, Tomasz"]
[Result "1-0"]
[WhiteElo "2447"]
[BlackElo "2227"]
[PlyCount "87"]
[EventDate "2014.12.20"]
[EventType "swiss (rapid)"]
[EventRounds "11"]
[EventCountry "POL"]
[SourceTitle "CBM 164 Extra"]
[Source "ChessBase"]
[SourceDate "2015.03.02"]
[SourceVersion "1"]
[SourceVersionDate "2015.03.02"]
[SourceQuality "1"]

1. d4 d5 2. c4 c6 3. Nf3 Nf6 4. Nc3 Qb6 5. g3 Bf5 6. c5 Qd8 7. b4 a6 8. Bg2 Nbd7 9. 0-0 g6 10. Bf4 Bg7 11. a4 0-0 12. Qb3 Ne4 13. Nh4 e5 14. Nxf5 gxf5 15. Nxe4 fxe4 16. dxe5 Nxe5 17. Rad1 Qe7 18. f3 exf3 19. exf3 Rfe8 20. Rfe1 Qf6 21. Qe3 Ng6 22. Qxe8+ Rxe8 23. Rxe8+ Nf8 24. Rb8 a5 25. b5 Qe7 26. Bd6 Qe2 27. Rf1 cxb5 28. Rxb7 Bd4+ 29. Kh1 Ne6 30. c6 bxa4 31. Re7 Qc4 32. c7 Nxc7 33. Rxc7 Qb3 34. Rc8+ Kg7 35. Bf8+ Kg6 36. f4 a3 37. f5+ Kg5 38. Be7+ Kh6 39. Rg8 Bg7 40. Bd6 a2 41. Bf4+ Kh5 42. Rxg7 Qb1 43. g4+ Kh4 44. Bg3# 1-0

[Event "POL-chT 58th 1st League"]
[Site "Ustron"]
[Date "2002.??.??"]
[Round "?"]
[White "Pinkas, Karol"]
[Black "Strozyk, Tomasz"]
[Result "1-0"]
[WhiteElo "2356"]
[BlackElo "2230"]
[PlyCount "108"]
[EventDate "2002.09.07"]
[EventType "team-tourn"]
[EventRounds "9"]
[EventCountry "POL"]
[SourceTitle "EXT 2019"]
[Source "ChessBase"]
[SourceDate "2018.10.10"]
[SourceVersion "1"]
[SourceVersionDate "2018.10.10"]
[SourceQuality "1"]
[WhiteTeam "Jaworzno JKSz MCKiS"]
[BlackTeam "Poznan Lech"]
[WhiteTeamCountry "POL"]
[BlackTeamCountry "POL"]

1. e4 c6 2. d4 d5 3. Nd2 g6 4. Ngf3 Bg7 5. c3 dxe4 6. Nxe4 Nf6 7. Nxf6+ exf6 8. Bd3 0-0 9. 0-0 Be6 10. Be3 Re8 11. Nd2 Nd7 12. Ne4 Nf8 13. Nc5 Bc8 14. Bc4 b6 15. Nb3 Be6 16. Bd3 Qc7 17. Qc2 f5 18. Qd2 Rad8 19. Bf4 Qc8 20. Qc2 Bd5 21. Rfe1 Ne6 22. Bd2 b5 23. Re2 Qa8 24. f3 a6 25. Rae1 Rf8 26. Be3 Qb8 27. Rf2 Rfe8 28. Rfe2 Rf8 29. Kh1 Rd7 30. c4 bxc4 31. Bxc4 Qb4 32. Bxd5 cxd5 33. Qc6 Rd6 34. Qc3 Qb5 35. Qd2 Rc8 36. Nc5 h5 37. a4 Qb8 38. Bf2 Nxc5 39. dxc5 Rdd8 40. b4 d4 41. Bg3 Qb7 42. Re7 Qd5 43. Qd3 a5 44. Bc7 Rf8 45. Bxa5 h4 46. h3 Bf6 47. R7e2 Kg7 48. Bb6 g5 49. b5 Rh8 50. c6 g4 51. fxg4 fxg4 52. Re4 gxh3 53. Qxh3 Rcg8 54. Qf3 Qd6 1-0

[Event "POL-chT 58th 1st League"]
[Site "Ustron"]
[Date "2002.??.??"]
[Round "?"]
[White "Strozyk, Tomasz"]
[Black "Mazalon, Mariusz"]
[Result "1/2-1/2"]
[WhiteElo "2230"]
[BlackElo "2143"]
[PlyCount "50"]
[EventDate "2002.09.07"]
[EventType "team-tourn"]
[EventRounds "9"]
[EventCountry "POL"]
[SourceTitle "EXT 2019"]
[Source "ChessBase"]
[SourceDate "2018.10.10"]
[SourceVersion "1"]
[SourceVersionDate "2018.10.10"]
[SourceQuality "1"]
[WhiteTeam "Poznan Lech"]
[BlackTeam "Bydgoszcz Chemik"]
[WhiteTeamCountry "POL"]
[BlackTeamCountry "POL"]

1. d4 g6 2. Nf3 Bg7 3. Bf4 Nf6 4. e3 0-0 5. Nbd2 d6 6. c3 c5 7. Qb3 cxd4 8. exd4 Nc6 9. Be2 h6 10. 0-0 e5 11. Bg3 Nh5 12. d5 Ne7 13. Ne1 Nxg3 14. hxg3 Kh8 15. Rd1 f5 16. Nc4 g5 17. Qa3 Rf6 18. f4 exf4 19. gxf4 b5 20. Qa5 Bd7 21. Qxd8+ Rxd8 22. Na5 Rc8 23. Nb3 gxf4 24. Rxf4 Ng6 25. Rb4 a6 1/2-1/2